000 00728nam a2200289Ia 4500
005 20260324140019.0
008 008 260324s9999 xx 000 0 eng d
020 _a9780429229749
037 _aEBOOK
040 _aCRL
040 _beng
040 _cCRL
041 _2eng
041 _aeng
084 _qCRL
100 _aHitoshi Hirakawa; Hiroshi Shimizu
_91202801
245 0 _aJapan and Singapore in the World Economy
245 0 _bJapan's Economic Advance into Singapore 1870-1965
260 _bTaylor and Francis
260 _c1999
365 _a
365 _b230
856 _uhttp://www.taylorfrancis.com/books/9780429229749
942 _cEBOOK
999 _c1804420
_d1804420